00375nam a2200157Ia 45000010006000000050017000060080041000230410008000640820015000721000031000872450046001182600009001643000028001736500008002016540008002091160820260306162840.0260306t2005||||xx |||||||||||||| ||spa|| aESP a985.4bR82 aRondón Banda, JulioeAUT 0aPaucarpata incaria y la arequipa colonial c2005 a214 páginas :c21 cm. aGEN aCHU